Материалы по вопросам проектирования, изготовления и монтажа стальных конструкций. Вып. 8 (Запись № 13599142)

Подробности
000 -МАРКЕР
контрольное поле 01289nam2a2200241 4500
001 - ИДЕНТИФИКАТОР ЗАПИСИ
контрольное поле rc\2939227
005 - ИДЕНТИФИКАТОР ВЕРСИИ
контрольное поле 20260315055624.0
035 ## - ДРУГИЕ СИСТЕМНЫЕ НОМЕРА
Идентификатор записи (NLR Aleph) 007088127
100 ## - ДАННЫЕ ОБЩЕЙ ОБРАБОТКИ
Данные общей обработки 20110824d1940 u y0rusy50 ca
101 0# - ЯЗЫК РЕСУРСА
Язык текста, звукозаписи и т.д. русский
102 ## - СТРАНА ПУБЛИКАЦИИ ИЛИ ПРОИЗВОДСТВА
Страна публикации Российская Федерация
105 ## - ПОЛЕ КОДИРОВАННЫХ ДАННЫХ: ТЕКСТОВЫЕ МАТЕРИАЛЫ, МОНОГРАФИЧЕСКИЕ
Кодированные данные о монографическом текстовом документе a z |||||
200 0# - ЗАГЛАВИЕ И СВЕДЕНИЯ ОБ ОТВЕТСТВЕННОСТИ
Основное заглавие Вып. 8
Сведения, относящиеся к заглавию [Сб. статей]
Первые сведения об ответственности Проект. контора [треста] "Стальконструкция"
210 ## - ПУБЛИКАЦИЯ, РАСПРОСТРАНЕНИЕ И ДР.
Дата издания, распространения и т.д. 1940
215 ## - ФИЗИЧЕСКАЯ ХАРАКТЕРИСТИКА
Специфическое обозначение материала и объем 144 с., 1 вкл. л. черт.
Другие сведения о физической характеристике ил., черт.
Размеры 22 см
320 ## - ПРИМЕЧАНИЯ О НАЛИЧИИ В ДОКУМЕНТЕ БИБЛИОГРАФИИ / УКАЗАТЕЛЯ
Текст примечания "Библиогр. и аннотации", с. 137-44
461 #0 - УРОВЕНЬ НАБОРА
Встроенное поле 001rc\2939220
-- 2001#$aМатериалы по вопросам проектирования, изготовления и монтажа стальных конструкций$fПроектная контора треста "Стальконструкция"$vВып. 8
Системный номер (АБИС) связанной записи 6545802
Место публикации Москва
Дата публикации 1938-1941
Первые сведения об ответственности Проектная контора треста "Стальконструкция"
Имя издателя, распространителя и т.д. Б. и.
Заглавие Материалы по вопросам проектирования, изготовления и монтажа стальных конструкций
Номер тома Вып. 8
801 #0 - ИСТОЧНИК ЗАПИСИ
Страна Российская Федерация
Организация NLR
Правила каталогизации psbo
801 #1 - ИСТОЧНИК ЗАПИСИ
Страна Российская Федерация
Организация ELAR
Источник данных rusmarc
852 ## - МЕСТОНАХОЖДЕНИЕ И ШИФР ХРАНЕНИЯ
Идентификатор организации NLR
Шифр хранения (Call Number) 38-19/167(8)
942 ## - ДОПОЛНИТЕЛЬНЫЕ ЭЛЕМЕНТЫ ЗАПИСИ (АБИС)
Тип экземпляра АБИС Неопределено
980 ## - КОЛЛЕКЦИЯ
Название коллекции Национальная библиография

Нет доступных экземпляров.